000 02446nam a2200301 4500
003 OSt
005 20240405101523.0
008 240403s2014 mx a|||f |||| 001 0 spa d
020 _a9786077152354
040 _erda
_cCHAP
082 0 0 _222
_a630.720972
_bV69
100 1 _9188917
_aÁvila Espinosa, Felipe Arturo
245 1 0 _aBreve historia de la investigación agrícola en México /
_cpor Felipe Arturo Ávila Espinosa y Jesús Moncada de la Fuente
250 _aPrimera edición
264 1 _aMéxico:
_bColegio de Postgraduados,
_c2014.
300 _a240 páginas:
_bIlustraciones, cuadros
336 _2rdacontent
_atexto
_btxt
337 _2rdamedia
_asin medio
_bn
338 _2rdacarrier
_avolumen
_bnc
490 1 _aBiblioteca básica de agricultura
504 _aIncluye índice
520 _aHace más de treinta años el Dr. Leobardo Jiménez inicio un esfuerzo para documentar la historia de la investigación en ciencias agrícolas en México. Diversas responsabilidades le impidieron avanzar más allá de la publicación de un primer volumen de entrevistas a los protagonistas de esa historia en ese entonces todos vivos. En la primera década de esta siglo, el Colegio de Posgraduados retomó la iniciativa del Dr. Jiménez, y a la feche ha publicado cinco volúmenes bajo el titulo genérico Las Ciencias Agrícolas Mexicanas y sus Protagonistas. Por su naturaleza, las semblanzas de gente tan notable tienden a la dispersión, ya que individuos con esas singularidades son propensas a ser más o menos idiosincráticos. Poe esas razones, en la Editorial del Colegio de postgraduados tomamos la decisión de elaborar esta Historia de la Investigación en Ciencias Agrícolas en México, que abreva en los volúmenes de la serie protagonistas. pero ocurre también a investigación de primera mano, realizada por el Dr. Felipe Ávila en diversos archivos de instituciones de investigación agrícola. Completada su investigación, el Dr. Ávila sugirió que la obra podría beneficiarse con una serie de entrevistas al Dr. Jesús Moncada de la Fuente actualmente Director General del Colegio de Postgraduados y actor privilegiado de esta historia.
650 0 _9144957
_aAgricultura
_x Historia
_x México
650 4 _9154581
_aAgricultura
_xInvestigaciones
700 1 _977461
_aMoncada de la Fuente, Jesús
830 0 _9186443
_aBiblioteca Básica de Agricultura (Colegio de Postgraduados)
942 _2ddc
_cLIBRO
999 _c219829
_d219829